Welches Land kommt alphabetisch dazwischen? #2 - Statistiken

Allgemein
  • Dieses Quiz wurde 99 mal gespielt
  • Das Durchschnittsergebnis liegt bei 8 aus 15
Antwortstatistiken
davor Land danach % Korrekt
Liberia Libyen Liechtenstein
73%
Haiti Honduras Indien
72%
Saudi-Arabien Schweden Schweiz
67%
Eritrea Estland Eswatini
64%
Ägypten Albanien Algerien
60%
Malediven Mali Malta
58%
Bahrain Bangladesch Barbados
55%
Kanada Kap Verde Kasachstan
55%
Costa Rica Dänemark Demokratische Republik Kongo
54%
Myanmar Namibia Nauru
54%
Syrien Tadschikistan Taiwan
49%
Trinidad und Tobago Tschad Tschechien
49%
Belgien Belize Benin
46%
Polen Portugal Ruanda
41%
Äthiopien Australien Bahamas
35%
Keine übereinstimmenden Quizze gefunden
Verteilung der Resultate
Anzahl Personen mit jedem Resultat
Perzentil nach korrekt beantworteten Fragen
Ihre Resultats-Entwicklung
Sie haben dieses Quiz noch nicht gespielt